[Event "Baltic Cup-B 2nd"]
[Site "Darlowko"]
[Date "2018.07.03"]
[Round "9"]
[White "Socko, Szymon"]
[Black "Kosny, Marek"]
[Result "0-1"]
[WhiteElo "1604"]
[BlackElo "1891"]
[PlyCount "126"]
[EventDate "2018.06.24"]
[EventType "swiss"]
[EventRounds "9"]
[EventCountry "POL"]
[SourceTitle "CBM 187 Extra"]
[Source "ChessBase"]
[SourceDate "2018.11.04"]
[SourceVersion "1"]
[SourceVersionDate "2018.11.04"]
[SourceQuality "1"]

1. e4 Nf6 2. Nc3 d5 3. exd5 Nxd5 4. Bc4 c6 5. Nxd5 cxd5 6. Bb5+ Nc6 7. Nf3 g6 8. 0-0 Bg7 9. Re1 0-0 10. c3 Bg4 11. h3 Bxf3 12. Qxf3 e5 13. d3 f5 14. Qe2 Qd6 15. Bg5 f4 16. Bxc6 bxc6 17. f3 a5 18. Bh4 a4 19. a3 Rab8 20. Rab1 Rb7 21. Qc2 Rb3 22. Bf2 c5 23. c4 d4 24. Re2 g5 25. Qd1 Qg6 26. Rd2 Rfb8 27. Qc2 Qb6 28. Kh2 Kf7 29. Bg1 Bf6 30. Bf2 Qe6 31. Re1 Bd8 32. Rde2 Bc7 33. g3 Qg6 34. Rd1 Qc6 35. Kg2 h5 36. g4 hxg4 37. hxg4 Qb6 38. Rb1 Qg6 39. Rd1 Rh8 40. Ree1 Qb6 41. Rb1 Rb8 42. Re2 Bd6 43. Rd2 Kf6 44. Bg1 Qb7 45. Bf2 Qg7 46. Rdd1 Qh7 47. Qe2 Kg7 48. Qd2 Rh8 49. Rh1 Qxd3 50. Qxd3 Rxd3 51. Rxh8 Kxh8 52. Be1 Rb3 53. Ba5 Kg7 54. Kf2 Kf6 55. Ke2 Ke6 56. Kf2 e4 57. fxe4 Ke5 58. Bd8 Kxe4 59. Bxg5 Rf3+ 60. Ke2 d3+ 61. Kd2 Rf2+ 62. Ke1 Rh2 63. Rd1 Ke3 0-1

[Event "Baltic Cup-B 2nd"]
[Site "Darlowko"]
[Date "2018.07.01"]
[Round "7"]
[White "Socko, Szymon"]
[Black "Milanowski, Jan"]
[Result "0-1"]
[WhiteElo "1604"]
[BlackElo "1784"]
[PlyCount "80"]
[EventDate "2018.06.24"]
[EventType "swiss"]
[EventRounds "9"]
[EventCountry "POL"]
[SourceTitle "CBM 187 Extra"]
[Source "ChessBase"]
[SourceDate "2018.11.04"]
[SourceVersion "1"]
[SourceVersionDate "2018.11.04"]
[SourceQuality "1"]

1. e4 e6 2. d4 d5 3. exd5 exd5 4. Nf3 Bd6 5. Bd3 Nf6 6. 0-0 0-0 7. Re1 Bg4 8. Bg5 Nbd7 9. c3 Re8 10. Nbd2 h6 11. Bh4 c6 12. Qc2 Qc7 13. Rac1 Bf4 14. Bg3 Nh5 15. Bh7+ Kh8 16. Bf5 Nxg3 17. hxg3 Bxd2 18. Nxd2 Bxf5 19. Qxf5 Kg8 20. c4 dxc4 21. Nxc4 Nf6 22. Ne3 Qb6 23. Red1 Qxb2 24. Rc2 Qb6 25. d5 cxd5 26. Nxd5 Nxd5 27. Rxd5 Rad8 28. Rb5 Qa6 29. Kh2 b6 30. Rbb2 Qb7 31. Rb4 Rc8 32. Rd2 Rcd8 33. Rc2 Qd7 34. Qh5 Re1 35. Rbc4 Qe8 36. g4 Re2 37. Rxe2 Qxe2 38. Rc7 Qxf2 39. Rxa7 Qf4+ 40. g3 Rd2+ 0-1

[Event "Lisbon Christmas op"]
[Site "Lisbon"]
[Date "2014.12.30"]
[Round "9"]
[White "Harcaut, Aurelien"]
[Black "Socko, Szymon"]
[Result "1-0"]
[WhiteElo "1545"]
[BlackElo "1366"]
[PlyCount "69"]
[EventDate "2014.12.26"]
[EventType "swiss"]
[EventRounds "9"]
[EventCountry "POR"]
[SourceTitle "EXT 2018"]
[Source "ChessBase"]
[SourceDate "2017.10.13"]
[SourceVersion "1"]
[SourceVersionDate "2017.10.13"]
[SourceQuality "1"]

1. e4 c5 2. Nf3 Nc6 3. d3 d6 4. Be2 Nf6 5. 0-0 g6 6. c3 Bg7 7. Re1 0-0 8. Bf1 Bg4 9. Nbd2 Qc7 10. h3 Bd7 11. Nb3 Rfe8 12. d4 cxd4 13. cxd4 e6 14. Bg5 Rac8 15. Rc1 Qb6 16. Qd2 Ne7 17. Bh6 d5 18. Bxg7 Kxg7 19. e5 Ne4 20. Qf4 Bb5 21. Bxb5 Qxb5 22. Nbd2 Rxc1 23. Rxc1 Qxb2 24. Nxe4 dxe4 25. Ng5 Nf5 26. Rc7 Rf8 27. Nxe6+ Kg8 28. Nxf8 Kxf8 29. g4 Qa1+ 30. Kh2 Ne7 31. Qf6 Qxd4 32. Qxe7+ Kg7 33. Qxf7+ Kh6 34. Qf4+ g5 35. Qf6# 1-0

[Event "Lisbon Christmas op"]
[Site "Lisbon"]
[Date "2014.12.27"]
[Round "3"]
[White "Socko, Szymon"]
[Black "Witt, Holger"]
[Result "0-1"]
[WhiteElo "1366"]
[BlackElo "1618"]
[PlyCount "56"]
[EventDate "2014.12.26"]
[EventType "swiss"]
[EventRounds "9"]
[EventCountry "POR"]
[SourceTitle "EXT 2018"]
[Source "ChessBase"]
[SourceDate "2017.10.13"]
[SourceVersion "1"]
[SourceVersionDate "2017.10.13"]
[SourceQuality "1"]

1. d4 Nf6 2. c4 c5 3. Nf3 e6 4. Nc3 b6 5. Bg5 Be7 6. e3 Bb7 7. Bd3 0-0 8. 0-0 d6 9. Rc1 Nbd7 10. Re1 Rc8 11. e4 cxd4 12. Nxd4 Nc5 13. b3 Nxd3 14. Qxd3 a6 15. Qg3 Nh5 16. Bxe7 Qxe7 17. Qe3 Rc5 18. Qd3 Nf4 19. Qf3 Qg5 20. Rcd1 b5 21. Qg3 Qh6 22. cxb5 Rg5 23. Qf3 Nxg2 24. Kf1 Nxe1 25. Rxe1 Qxh2 26. Nce2 Bxe4 27. Qxe4 Qh3+ 28. Qg2 Qxg2# 0-1